00626nam a2200229 a 4500001001300000003000900013005001700022008004100039020001000080082001800090100002400108245002200132260003200154300000800186500003500194650001500229700002400244902000800268942000700276952009800283999001500381nice12345678IN_TiNIC20260116011559.0070629s1910 lona grp 000 0 eng  ac10000a297.86bAHM13 aAhmad, Mirza Ghulam aTeaching of Islam aLondon bNo Publisherc1910 a00p aincludes index and biblioraphy aAhmadiyyah1 aAhmad, Mirza Ghulam bSRS cBK 00104070aHMIbHMId0000-00-00g100.00l0o297.86 AHM13p1475r0000-00-00w2026-01-16yARB c2730d2730